00870nam a2200229 a 450000100060000000300090000600800410001502000150005604000280007108200140009910000380011324500180015126000580016930000100022749000420023765000250027965000350030494200120033999900170035195201490036895201230051711245CO-ViMGA141112s2004 ck r 000 u spa d a9590400310 aCO-ViMGAbspacCO-ViMGA04a898 A451h1 aAllipán Cayuelo, Lorenzo91567110aHombre pajaro aColombia, cEdiciones Casas de las Américas, c1994 a37 p. aPoesía literaria indigenas, Mapuche14aPOESIA CHILENA9564314aPOESIA INDIGENA CHILENA915672 2ddccBK c22455d22455 01142ddc40708003aMEVIECARbMEVIECARd2015-12-04hVolumen. 1 | 11/jun/2009l0o898 A451h p11245r2015-12-04 00:00:00tEj. 1w2015-12-04yBK 00102ddc40708GENaMESMARTIbMESMARTId2025-03-13l0o898 A451hpSM03438r2025-03-13 14:38:44tEj.1w2025-03-13yBK